| 000 | 00829nam a2200277Ia 4500 | ||
|---|---|---|---|
| 001 | Para_9219 | ||
| 003 | CHAP | ||
| 008 | 220125s2002 xx 000 0 und d | ||
| 010 | _a207958 | ||
| 040 | _cCHAP | ||
| 082 | _a634.11 G6 | ||
| 100 |
_aGómez Gómez, Alma Alicia _949727 |
||
| 245 |
_aEl abasto de manzana y lechuga en los autoservicios de la ciudad de México / _c por Alma Alicia Gómez Gómez |
||
| 260 |
_aChapingo, Méx. : _b Universidad Autónoma Chapingo |
||
| 300 | _a214 p. | ||
| 650 |
_aLechuga _x mercadeo _965468 |
||
| 650 |
_aManzana _x mercadeo _970786 |
||
| 710 | 2 |
_aUniversidad Autónoma Chapingo _9143749 |
|
| 901 | _a634.11 G6 | ||
| 902 | _aM | ||
| 905 | _a0000002002 abn 0000000000 00 | ||
| 910 | _a2002 | ||
| 942 | _cPARA | ||
| 942 |
_cPARA _d1 |
||
| 999 |
_c207958 _d207958 |
||